00759nam 22002293 4500001000700000010002200007021001800029090001100047100004100058200009600099205000800195210004200203215003800245606003900283675002600322700002900348702003000377801001800407830001100425990001100436995008200447202844 a978-989-53429-5-2 aPTb501960/22 a202844 a20260702d u||y0pory50 ba aInácia, a galinha sindicalistaftexto Dora Santos Rosagilustrações Felisbela Fonseca a2ª aLisboacLivraria Tigre de Papeld2022 a[36] p.cil. ; encadernadod21 cm 922aLiteratura Infantil Portuguesa a821.134.3-93vPTzpor 917693aRosabDora Santos 917694aFonsecabFelisbela aPTbBMMNgRPC cIsabel cLIVROS 002052026-07-02932657bBMMNf32367k821.134.3-93 ROS|AIJo0rLIVROSsOferta